| 000 | 00460nam a2200181Ia 4500 | ||
|---|---|---|---|
| 001 | 15323 | ||
| 005 | 20260306170147.0 | ||
| 008 | 260306t2020||||xx |||||||||||||| ||und|| | ||
| 041 | _aESP | ||
| 082 |
_a624.171 _bV66 |
||
| 100 |
_aVillarreal Castro, Genner, _eAUT |
||
| 245 | 0 | _aPrácticas y exámenes resueltos de análisis matricial | |
| 260 | _c2020 | ||
| 300 |
_a87 páginas : _c29 cm. |
||
| 650 | _aGEN | ||
| 654 | _aCIC | ||
| 942 |
_cLIB _dJUS _fJUS _2ddc _n |
||
| 999 |
_c15323 _d15323 |
||